[PAROLES] - Spider - GIMS - Paroles - Statistiques

Statistiques générales
  • Ce quiz a été pris 720 fois
  • Le résultat moyen est 230 sur 398
Statistiques - réponses
Paroles % Correct
à
97%
a
97%
j
96%
J
96%
l
95%
t
93%
d
91%
le
89%
Le
89%
Pour
89%
pour
89%
suis
88%
dans
85%
Ok
85%
Ce
84%
Spider
83%
avoue
80%
bébé
80%
Et
80%
et
80%
excès
79%
Excès
79%
Féfé
79%
ça
78%
Ça
78%
les
78%
choque
77%
de
76%
es
76%
Je
76%
cet
75%
été
74%
mon
74%
que
74%
soir
74%
eh
73%
toujours
72%
des
71%
chez
70%
trophée
70%
Cartier
69%
sors
69%
petits
68%
trajets
68%
ma
67%
Sac
67%
sac
67%
Audi
66%
Donc
66%
n
66%
cloué
65%
TT
65%
choquer
63%
Ah
60%
ah
60%
ai
60%
toi
60%
y
60%
Y
60%
Kelly
59%
mieux
59%
La
58%
la
58%
préfère
56%
vu
56%
vie
51%
va
48%
on
47%
On
47%
du
40%
vis
37%
comme
35%
un
35%
me
33%
sur
33%
Concert
31%
complet
30%
jet
30%
Lausanne
30%
Bolt
29%
Düsseldorf
28%
fais
28%
jour
28%
off
28%
pas
28%
Usain
28%
atterrit
26%
Gonflé
24%
amour
23%
bloc
23%
Oh
23%
oh
23%
shopping
23%
vois
23%
est
22%
elle
21%
en
21%
lunettes
21%
Oda
21%
vêtu
20%
mais
19%
Mes
19%
mystérieux
19%
quand
19%
tour
19%
époque
18%
Maximum
18%
traverse
18%
chambouler
17%
Chambouler
17%
choqués
17%
crois
17%
tout
17%
vais
17%
cité
16%
noires
16%
nous
16%
passer
16%
Rolex
15%
sentiments
15%
une
14%
cœur
13%
dépend
13%
four
13%
lélélélélé
13%
Posé
13%
pose
13%
quitté
13%
business
12%
class
12%
Ils
12%
invite
12%
millions
12%
prendre
12%
rrainté
12%
dollars
11%
Muzan
11%
ouais
11%
rafiot
11%
LV
10%
mama
9%
monnaie
9%
sont
9%
Paname
8%
plein
8%
Showcase
8%
tours
8%
boîte
7%
cash
7%
Dubaï
7%
Maintenant
7%
milliers
7%
aise
6%
Bottega
6%
posée
6%
séquentielle
6%
mémoire
5%
hum
4%
Aucun quiz correspondant
Distribution des résultats
% des personnes avec chaque résultat
Percentile par nombre de réponses
Votre historique - résultats
Vous n’avez pas pris ce quiz